Statistics for Largest National Parks Not in Alaska

Click here to take the quiz!

General Stats

  • This quiz has been taken 85 times
  • The average score is 16 of 20

Answer Stats

StateAnswer% Correct
WY / MT / IDYellowstone
99%
CAYosemite
97%
FLEverglades
93%
AZGrand Canyon
93%
CA / NVDeath Valley
88%
MTGlacier
85%
WAOlympic
83%
SDBadlands
82%
CORocky Mountain
82%
TN / NCGreat Smoky Mountains
81%
CAJoshua Tree
79%
TXBig Bend
78%
WYGrand Teton
76%
CASequoia
75%
UTCanyonlands
68%
MIIsle Royale
68%
CAKings Canyon
64%
WANorth Cascades
63%
HAHawaii Volcanoes
60%
CAChannel Islands
57%

Score Distribution

Percentile by Number Answered

Percent of People with Each Score

Your Score History

You have not taken this quiz